Name Every Mario Game (Almost) - Statistics

General Stats
  • This quiz has been taken 53 times
    51 since last reset
  • The average score is 76 of 184
Answer Stats
Hint Answer % Correct
1985 Super Mario Bros.
97%
1988 Super Mario Bros. 2
94%
1988 Super Mario Bros. 3
91%
1998 Mario Party
88%
2015 Mario Party 10
84%
1999 Mario Party 2
84%
2000 Mario Party 3
84%
2002 Mario Party 4
84%
2004 Mario Party 6
84%
2005 Mario Party 7
84%
2007 Mario Party 8
84%
2012 Mario Party 9
84%
2006 New Super Mario Bros.
84%
2003 Mario Party 5
81%
2000 Paper Mario
81%
1996 Super Mario 64
81%
1981 Donkey Kong
78%
2009 New Super Mario Bros. Wii
78%
2007 Super Mario Galaxy
78%
2001 Luigi's Mansion
75%
2011 Mario Kart 7
75%
2014 Mario Kart 8
75%
2012 New Super Mario Bros. U
75%
1986 Super Mario Bros.: The Lost Levels
75%
2010 Super Mario Galaxy 2
75%
2017 Super Mario Odyssey
75%
1990 Dr. Mario
72%
2019 Luigi's Mansion 3
72%
2013 Luigi's Mansion: Dark Moon
72%
2008 Mario Kart Wii
72%
2025 Mario Kart World
72%
2000 Mario Tennis
72%
2012 New Super Mario Bros. 2
72%
2013 Super Mario 3D World
72%
1992 Super Mario Kart
72%
1989 Super Mario Land
72%
2002 Super Mario Sunshine
72%
1990 Super Mario World
72%
1991 Yoshi
72%
1999 Mario Golf
69%
1983 Mario Bros.
66%
1996 Mario Kart 64
66%
2005 Mario Kart DS
66%
2004 Mario vs. Donkey Kong
66%
2011 Super Mario 3D Land
66%
2023 Super Mario Bros. Wonder
66%
1992 Super Mario Land 2: 6 Golden Coins
66%
1995 Super Mario World 2: Yoshi's Island
66%
2003 WarioWare, Inc.: Mega Microgames!
66%
2021 Bowser's Fury
63%
1994 Donkey Kong Country
63%
2007 Mario & Sonic at the Olympic Games
63%
2003 Mario Kart: Double Dash!!
63%
2004 Paper Mario: The Thousand-Year Door
63%
2018 Super Mario Party
63%
2009 Mario & Luigi: Bowser's Inside Story
59%
2024 Super Mario Party Jamboree
59%
1996 Super Mario RPG: Legend of the Seven Stars
59%
2007 Super Paper Mario
59%
2007 Mario Party DS
56%
2020 Paper Mario: The Origami King
56%
1999 Donkey Kong 64
53%
1995 Donkey Kong Country 2: Diddy's Kong Quest
53%
1996 Donkey Kong Country 3: Dixie Kong's Double Trouble!
53%
2015 Super Mario Maker
53%
2005 Super Mario Strikers
53%
1994 Wario Land: Super Mario Land 3
53%
2010 Donkey Kong Country Returns
50%
2014 Donkey Kong Country: Tropical Freeze
50%
1982 Donkey Kong Jr.
50%
2005 Mario & Luigi: Partners in Time
50%
2003 Mario & Luigi: Superstar Saga
50%
2001 Mario Kart: Super Circuit
50%
2021 Mario Party Superstars
50%
2016 Paper Mario: Color Splash
50%
2012 Paper Mario: Sticker Star
50%
2005 Super Princess Peach
50%
2015 Yoshi's Woolly World
50%
2025 Donkey Kong Bananza
47%
2024 Mario & Luigi: Brothership
47%
2011 Mario & Sonic at the London 2012 Olympic Games
47%
2013 New Super Luigi U
47%
2019 Super Mario Maker 2
47%
2005 Mario Party Advance
44%
2013 Mario Party: Island Tour
44%
2017 Mario Party: The Top 100
44%
2001 Wario Land 4
44%
2013 Mario & Luigi: Dream Team
41%
2009 Mario & Sonic at the Olympic Winter Games
41%
2007 Mario Strikers Charged
41%
2018 Mario Tennis Aces
41%
1983 Donkey Kong 3
38%
2015 Mario & Luigi: Paper Jam
38%
2019 Mario & Sonic at the Olympic Games Tokyo 2020
38%
2024 Princess Peach: Showtime!
38%
2000 Wario Land 3
38%
1998 Wario Land II
38%
2003 Wario World
38%
2019 Yoshi's Crafted World
38%
1994 Hotel Mario
34%
1993 Mario is Missing!
34%
2010 Mario Sports Mix
34%
1992 Mario Teaches Typing
34%
2006 Mario vs. Donkey Kong 2: March of the Minis
34%
1992 Yoshi's Cookie
34%
1997 Yoshi's Story
34%
2013 Dr. Luigi
31%
2016 Mario & Sonic at the Rio 2016 Olympic Games
31%
2016 Mario Party: Star Rush
31%
1997 Diddy Kong Racing
28%
2001 Dr. Mario 64
28%
2003 Mario Golf: Toadstool Tour
28%
2017 Mario + Rabbids Kingdom Battle
28%
2022 Mario + Rabbids Sparks of Hope
28%
2008 Mario Super Sluggers
28%
2003 Donkey Konga
25%
1983 Donkey Kong Jr. Math
25%
2015 Mario Tennis: Ultra Smash
25%
2023 WarioWare: Move It!
25%
2006 WarioWare: Smooth Moves
25%
2014 Yoshi's New Island
25%
2017 Bowser's Minions
22%
2013 Mario & Sonic at the Sochi 2014 Olympic Winter Games
22%
2006 Mario Hoops 3-on-3
22%
2020 Mario Kart Live: Home Circuit
22%
1992 Mario Paint
22%
2004 Mario Power Tennis
22%
1993 Mario's Time Machine
22%
2022 Mario Strikers: Battle League
22%
1994 Wario's Woods
22%
2021 WarioWare: Get It Together!
22%
1993 Yoshi's Safari
22%
2007 Donkey Kong Barrel Blast
19%
1997 Mario Teaches Typing 2
19%
2008 Wario Land: Shake It!
19%
2018 WarioWare Gold
19%
2004 WarioWare: Touched!
19%
1985 Wrecking Crew
19%
2026 Yoshi and the Mysterious Book
19%
2006 Yoshi's Island DS
19%
2004 Donkey Konga 2
16%
2004 Donkey Kong Jungle Beat
16%
2013 Game & Wario
16%
2021 Mario Golf: Super Rush
16%
1995 Mario's Game Gallery
16%
2026 Mario Tennis Fever
16%
2009 WarioWare D.I.Y.
16%
2018 Bowser Jr.'s Journey
13%
2014 Mario Golf: World Tour
13%
2017 Mario Sports Superstars
13%
2005 Mario Superstar Baseball
13%
2012 Mario Tennis Open
13%
2015 Mario vs. Donkey Kong: Tipping Stars
13%
2007 Wario: Master of Disguise
13%
2015 Dr. Mario: Miracle Cure
9%
2013 Mario and Donkey Kong: Minis on the Move
9%
2004 Mario Golf: Advance Tour
9%
1995 Mario's Tennis
9%
2010 Mario vs. Donkey Kong: Mini-Land Mayhem!
9%
2009 Mario vs. Donkey Kong: Minis March Again!
9%
1991 NES Open Tournament Golf
9%
1995 Virtual Boy Wario Land
9%
2004 WarioWare: Twisted!
9%
2004 Yoshi Topsy-Turvy
9%
2014 Captain Toad: Treasure Tracker
6%
2005 Dance Dance Revolution Mario Mix
6%
2008 Dr. Mario Online RX
6%
1995 Mario Clash
6%
1995 Mario's Picross
6%
2005 Mario Tennis: Power Tour
6%
1991 Super Mario Bros. & Friends: When I Grow Up
6%
2008 WarioWare: Snapped!
6%
2005 Yoshi Touch & Go
6%
1989 Alleyway
3%
2008 Dr. Mario Express
3%
2004 Mario Pinball Land
3%
1993 Mario's Early Years! Fun with Letters
3%
1993 Mario's Early Years! Fun with Numbers
3%
1993 Mario's Early Years! Preschool Fun
3%
2015 Puzzle & Dragons: Super Mario Bros. Edition
3%
1994 Wario Blast: Featuring Bomberman!
3%
1995 Mario's Super Picross
0%
2016 Mini Mario & Friends: Amiibo Challenge
0%
No matching quizzes found
Score Distribution
Percent of People with Each Score
Percentile by Number Answered
Your Score History
You have not taken this quiz since the last reset